00537 2200205 4500001002100000005001500021035002000036245005500056100002000111250000600131300003400137700003000171260004000201082001100241084001700252020001800269600002000287990001200307990001200319INLIS00000000000337320260309101454 a0010-03260000021 aKAMUS LENGKAP INDONESIA-INGGRIS /cAlan M. Stevens0 aAlan M. Stevens a1 a1103 hlm :bs ;c19,5 x 25 cm0 aA.Ed. Schmidgall-Tellings aUSA :bOhio University Press,c2004 a423.21 a423.21 ALA k a0-8214-1584-0 4aAlan M. Stevens a0712569 a0712568